000 03036nam a22003975i 4500
005 20230718140346.0
006 m|||||o||d||||||||
007 cr || ||||||||
008 221201t20152014ne fo d z eng d
020 _a9789048526819
040 _aDE-B1597
_beng
_cDE-B1597
_erda
041 0 _aeng
082 0 4 _a959.916
100 1 _aTremml-Werner, Birgit,
_eauthor.
_4aut
_4http://id.loc.gov/vocabulary/relators/aut
245 1 0 _aSpain, China, and Japan in Manila, 1571-1644 :
_bLocal Comparisons and Global Connections /
_cBirgit Tremml-Werner.
264 1 _aAmsterdam :
_bAmsterdam University Press,
_c[2015]
264 4 _c©2014
300 _a1 online resource (365 p.) :
_b7 halftones
336 _atext
_btxt
_2rdacontent
337 _acomputer
_bc
_2rdamedia
338 _aonline resource
_bcr
_2rdacarrier
347 _atext file
_bPDF
_2rda
490 0 _aEmerging Asia
505 0 0 _tFrontmatter --
_tContents --
_tAcknowledgements --
_tPart I The Setting --
_tIntroduction --
_t1.The Comparative Framework --
_tPart II.Cross-Cultural Encounters In The Philippines --
_t2.The Foundations Of A Global Stage --
_t3.The Trilogy Of Triangular Trade --
_tPart III. Zooming Out: Local, Central, And Global Connections --
_t4.Triangular Foreign Relations --
_t5.Local And Central Dualism --
_t6.Local-Central Tensions --
_tPart IV Zooming In: Early Modern Manila And Regional Globalisation --
_t7.Manila As Port City --
_t8.Actors And Agency --
_tConclusion --
_tReferences --
_tIndex
506 0 _funrestricted online access
_2star
520 _aSpain, China and Japan in Manila, 1571-1644 offers a new perspective on the connected histories of Spain, China, and Japan as they emerged and developed following Manila's foundation as the capital of the Spanish Philippines in 1571. Examining a wealth of multilingual primary sources, Birgit Tremml-Werner shows that cross-cultural encounters not only shaped Manila's development as a "Eurasian" port city, but also had profound political, economic, and social ramifications for the three pre-modern states. Combining a systematic comparison with a focus on specific actors during this period, this book addresses many long-held misconceptions and offers a more balanced and multi-faceted view of these nations' histories.
538 _aMode of access: Internet via World Wide Web.
540 _aThis eBook is made available Open Access under a CC BY-NC-ND 4.0 license:
_uhttps://creativecommons.org/licenses/by-nc-nd/4.0https://www.aup.nl/en/publish/open-access
546 _aIn English.
588 0 _aDescription based on online resource; title from PDF title page (publisher's Web site, viewed 01. Dez 2022)
650 7 _aHISTORY / General.
_2bisacsh
856 4 0 _uhttps://doi.org/10.1515/9789048526819
_zOpen Access
_70
856 4 0 _uhttps://www.degruyter.com/isbn/9789048526819
_zOpen Access
_70
856 4 2 _3Cover
_uhttps://www.degruyter.com/document/cover/isbn/9789048526819/original
942 _cE-BOOK
999 _c70873
_d70872